Name Pokémon Containing Each Letter A-Z - Statistics

General Stats
  • This quiz has been taken 65 times
  • The average score is 456 of 572
Answer Stats
Starts With Contains Hint # Possible Example Words % Correct
B A B:A 27 Blastoise
100%
B B B:B 55 Binacle
100%
B L B:L 31 Barbaracle
100%
B R B:R 27 Bellsprout
100%
B S B:S 14 Bellossom
100%
B U B:U 20 Budew
100%
G G G:G 66 Golem
100%
G I G:I 28 Grimer
100%
G L G:L 35 Golisopod
100%
G N G:N 17 Grubbin
100%
G O G:O 38 Glimmora
100%
G R G:R 39 Gastrodon
100%
G T G:T 21 Genesect
100%
L A L:A 23 Lairon
100%
L I L:I 23 Lugia
100%
L L L:L 40 Landorus
100%
L U L:U 16 Lickitung
100%
M A M:A 53 Mantine
100%
M E M:E 43 Metapod
100%
M M M:M 79 Moltres
100%
M O M:O 33 Monferno
100%
M T M:T 26 Moltres
100%
M W M:W 10 Mawile
100%
P A P:A 36 Pancham
100%
P C P:C 11 Pincurchin
100%
P H P:H 14 Pincurchin
100%
P I P:I 37 Poipole
100%
P K P:K 7 Pikachu
100%
P P P:P 65 Passimian
100%
P U P:U 16 Prinplup
100%
R A R:A 22 Raboot
100%
R I R:I 23 Riolu
100%
R R R:R 40 Roaring Moon
100%
S A S:A 64 Sinistea
100%
S E S:E 63 Salazzle
100%
S I S:I 60 Spidops
100%
S L S:L 62 Salazzle
100%
S N S:N 50 Shinx
100%
S R S:R 55 Scyther
100%
S S S:S 135 Sneasel
100%
S T S:T 47 Stakataka
100%
S U S:U 29 Stunfisk
100%
A A A:A 45 Amaura
95%
A C A:C 12 Archeops
95%
A I A:I 19 Aipom
95%
A N A:N 14 Amoonguss
95%
A O A:O 26 Absol
95%
A R A:R 30 Arctovish
95%
B D B:D 9 Budew
95%
B E B:E 36 Bayleef
95%
B F B:F 5 Bouffalant
95%
B I B:I 25 Bellibolt
95%
B O B:O 23 Bounsweet
95%
B T B:T 16 Brambleghast
95%
C A C:A 56 Cinderace
95%
C B C:B 14 Cobalion
95%
C C C:C 86 Clauncher
95%
C D C:D 15 Crawdaunt
95%
C E C:E 47 Ceruledge
95%
C H C:H 27 Chingling
95%
C I C:I 35 Carbink
95%
C L C:L 35 Clefairy
95%
C N C:N 35 Cufant
95%
C O C:O 43 Copperajah
95%
C R C:R 51 Calyrex
95%
E E E:E 26 Exeggutor
95%
E T E:T 11 Espathra
95%
F A F:A 21 Falinks
95%
F E F:E 25 Flittle
95%
F F F:F 40 Frigibax
95%
F I F:I 17 Fletchinder
95%
F R F:R 21 Farfetch’d
95%
F T F:T 15 Fezandipiti
95%
G A G:A 33 Garganacl
95%
G D G:D 16 Golisopod
95%
G E G:E 31 Glastrier
95%
G U G:U 17 Gouging Fire
95%
H H H:H 34 Hoppip
95%
H O H:O 23 Hydreigon
95%
I A I:A 8 Iron Treads
95%
I I I:I 19 Infernape
95%
I R I:R 13 Incineroar
95%
J I J:I 4 Jirachi
95%
J J J:J 8 Jolteon
95%
K A K:A 18 Kadabra
95%
K K K:K 32 Kadabra
95%
K N K:N 13 Klinklang
95%
K O K:O 14 Kyogre
95%
K U K:U 6 Kubfu
95%
L O L:O 18 Lokix
95%
L R L:R 13 Landorus
95%
M K M:K 13 Mudkip
95%
M R M:R 34 Magearna
95%
M S M:S 18 Meowscarada
95%
N A N:A 14 Nosepass
95%
N E N:E 10 Nihilego
95%
N I N:I 14 Nincada
95%
N N N:N 23 Nihilego
95%
P G P:G 13 Pidgeotto
95%
P O P:O 30 Pyroar
95%
P R P:R 28 Perrserker
95%
R E R:E 22 Roggenrola
95%
R O R:O 24 Rhyperior
95%
R S R:S 11 Ralts
95%
S O S:O 56 Smoochum
95%
T E T:E 29 Totodile
95%
T I T:I 27 Totodile
95%
T T T:T 64 Torchic
95%
V E V:E 12 Vanilluxe
95%
V N V:N 14 Vespiquen
95%
V R V:R 9 Venusaur
95%
V V V:V 25 Vespiquen
95%
W A W:A 13 Whiscash
95%
W E W:E 16 Wooper
95%
W L W:L 15 Walking Wake
95%
W O W:O 12 Wooloo
95%
W W W:W 30 Wynaut
95%
Z A Z:A 12 Zoroark
95%
Z D Z:D 3 Zygarde
95%
Z O Z:O 8 Zigzagoon
95%
Z S Z:S 4 Zangoose
95%
Z Z Z:Z 14 Zangoose
95%
A E A:E 14 Axew
91%
A L A:L 19 Archaludon
91%
A M A:M 13 Ampharos
91%
A P A:P 7 Archeops
91%
A S A:S 11 Amoonguss
91%
A T A:T 9 Arctovish
91%
A U A:U 14 Araquanid
91%
C S C:S 24 Combusken
91%
C T C:T 24 Chesnaught
91%
D A D:A 25 Dragonair
91%
D D D:D 61 Dartrix
91%
D E D:E 27 Dunsparce
91%
D I D:I 30 Delibird
91%
D L D:L 25 Dragapult
91%
D N D:N 23 Drifloon
91%
D O D:O 29 Dewgong
91%
D R D:R 34 Drifloon
91%
D T D:T 15 Dottler
91%
D U D:U 20 Durant
91%
E A E:A 9 Emboar
91%
E C E:C 8 Electabuzz
91%
E D E:D 5 Excadrill
91%
E L E:L 14 Eelektross
91%
E M E:M 5 Emolga
91%
E N E:N 6 Entei
91%
E O E:O 10 Emolga
91%
E U E:U 8 Enamorus
91%
F L F:L 18 Flutter Mane
91%
G M G:M 12 Gumshoos
91%
H A H:A 18 Horsea
91%
H C H:C 4 Honchkrow
91%
H E H:E 16 Houndstone
91%
H N H:N 17 Hitmonlee
91%
H P H:P 9 Hoopa
91%
H R H:R 14 Haxorus
91%
H T H:T 14 Hatenna
91%
I S I:S 7 Iron Treads
91%
I V I:V 3 Iron Valiant
91%
J N J:N 4 Jynx
91%
K B K:B 7 Kingambit
91%
K E K:E 11 Kyogre
91%
K L K:L 14 Komala
91%
K R K:R 16 Kirlia
91%
L E L:E 16 Leafeon
91%
L P L:P 6 Lopunny
91%
M D M:D 13 Mudkip
91%
M I M:I 37 Mandibuzz
91%
M L M:L 14 Milcery
91%
M N M:N 29 Magneton
91%
N O N:O 12 Nidorino
91%
N T N:T 6 Noibat
91%
O H O:H 3 Oshawott
91%
O I O:I 7 Oricorio
91%
O N O:N 6 Oranguru
91%
O O O:O 15 Octillery
91%
O S O:S 4 Obstagoon
91%
O T O:T 7 Octillery
91%
P L P:L 20 Palpitoad
91%
P N P:N 27 Palossand
91%
P T P:T 16 Phantump
91%
R C R:C 9 Raichu
91%
R H R:H 7 Rapidash
91%
R L R:L 14 Regieleki
91%
S Y S:Y 19 Sableye
91%
T O T:O 36 Tropius
91%
T R T:R 35 Tyrogue
91%
T U T:U 31 Tarountula
91%
V A V:A 14 Vullaby
91%
V I V:I 15 Vigoroth
91%
V L V:L 14 Vanilluxe
91%
V U V:U 7 Vileplume
91%
W I W:I 18 Wo-Chien
91%
W R W:R 12 Wailmer
91%
W T W:T 10 Wynaut
91%
X A X:A 2 Xatu
91%
X X X:X 3 Xerneas
91%
Z E Z:E 8 Zebstrika
91%
Z R Z:R 7 Zygarde
91%
A B A:B 7 Arctibax
86%
A D A:D 7 Ariados
86%
A K A:K 3 Alakazam
86%
A Z A:Z 5 Azelf
86%
B N B:N 20 Brionne
86%
B Y B:Y 10 Bunnelby
86%
C M C:M 15 Comfey
86%
C P C:P 9 Chien-Pao
86%
C U C:U 24 Cofagrigus
86%
D G D:G 11 Dragapult
86%
D K D:K 6 Dusknoir
86%
D S D:S 12 Duosion
86%
E B E:B 2 Emboar
86%
E I E:I 8 Entei
86%
E R E:R 13 Escavalier
86%
F D F:D 6 Fletchinder
86%
F G F:G 11 Frigibax
86%
F N F:N 13 Fletchling
86%
F O F:O 21 Foongus
86%
G B G:B 7 Gabite
86%
G H G:H 9 Garchomp
86%
H I H:I 13 Heliolisk
86%
H M H:M 8 Hariyama
86%
I N I:N 15 Infernape
86%
I U I:U 6 Iron Boulder
86%
I Y I:Y 3 Inkay
86%
J A J:A 2 Jangmo-o
86%
J C J:C 2 Jellicent
86%
J L J:L 5 Jolteon
86%
J O J:O 3 Joltik
86%
J T J:T 3 Jellicent
86%
K G K:G 8 Kyogre
86%
K T K:T 8 Kabuto
86%
L T L:T 14 Litleo
86%
M G M:G 15 Magnezone
86%
M H M:H 16 Maschiff
86%
M P M:P 10 Metapod
86%
M U M:U 20 Mudkip
86%
O A O:A 5 Omastar
86%
P E P:E 25 Poochyena
86%
P S P:S 17 Psyduck
86%
Q A Q:A 6 Quagsire
86%
Q I Q:I 4 Quilava
86%
Q L Q:L 6 Quilava
86%
Q Q Q:Q 7 Qwilfish
86%
Q U Q:U 6 Quaxwell
86%
R D R:D 7 Rookidee
86%
R G R:G 10 Regirock
86%
R K R:K 5 Regieleki
86%
R M R:M 8 Revavroom
86%
R T R:T 10 Raging Bolt
86%
R U R:U 8 Rockruff
86%
R Y R:Y 5 Rayquaza
86%
S D S:D 26 Seedot
86%
S H S:H 26 Smoochum
86%
S K S:K 27 Skorupi
86%
S M S:M 20 Seismitoad
86%
S P S:P 27 Spidops
86%
S Q S:Q 2 Squirtle
86%
S V S:V 10 Sylveon
86%
S W S:W 22 Skwovet
86%
S X S:X 4 Swirlix
86%
T A T:A 40 Tinkaton
86%
T G T:G 13 Terapagos
86%
T N T:N 27 Tornadus
86%
T P T:P 13 Type: Null
86%
T S T:S 14 Thundurus
86%
U A U:A 3 Ursaluna
86%
U E U:E 3 Unfezant
86%
U N U:N 5 Unfezant
86%
U R U:R 4 Urshifu
86%
U U U:U 7 Unfezant
86%
V B V:B 5 Victreebel
86%
V O V:O 12 Vikavolt
86%
V T V:T 9 Victreebel
86%
W D W:D 6 Wailord
86%
X E X:E 2 Xerneas
86%
X R X:R 2 Xurkitree
86%
Y A Y:A 5 Yanma
86%
Y Y Y:Y 6 Yanmega
86%
Z G Z:G 3 Zigzagoon
86%
Z K Z:K 3 Zekrom
86%
Z P Z:P 1 Zapdos
86%
Z U Z:U 4 Zweilous
86%
A H A:H 8 Archeops
82%
B M B:M 9 Brambleghast
82%
B P B:P 4 Bellsprout
82%
C F C:F 8 Clefairy
82%
C K C:K 9 Chikorita
82%
C Y C:Y 12 Claydol
82%
C Z C:Z 3 Cyclizar
82%
D B D:B 8 Dachsbun
82%
D C D:C 10 Diancie
82%
D M D:M 5 Darumaka
82%
D W D:W 7 Dubwool
82%
E G E:G 5 Emolga
82%
E K E:K 5 Eelektrik
82%
E P E:P 5 Espeon
82%
F H F:H 7 Fidough
82%
G P G:P 5 Garchomp
82%
G S G:S 13 Gastrodon
82%
G V G:V 5 Graveler
82%
G Y G:Y 6 Grookey
82%
H L H:L 6 Hawlucha
82%
H U H:U 7 Houndoom
82%
I E I:E 9 Iron Bundle
82%
I L I:L 8 Iron Boulder
82%
J E J:E 2 Jellicent
82%
J H J:H 1 Jirachi
82%
J R J:R 1 Jirachi
82%
K D K:D 5 Kingdra
82%
K I K:I 13 Kilowattrel
82%
L C L:C 8 Lycanroc
82%
L N L:N 18 Leafeon
82%
M C M:C 14 Medicham
82%
M Y M:Y 8 Mantyke
82%
N L N:L 9 Naganadel
82%
N U N:U 4 Nidoqueen
82%
O E O:E 6 Oinkologne
82%
O R O:R 8 Oranguru
82%
P Y P:Y 11 Ponyta
82%
Q V Q:V 2 Quilava
82%
R N R:N 8 Roggenrola
82%
S B S:B 13 Spiritomb
82%
S C S:C 24 Sandaconda
82%
S G S:G 16 Sprigatito
82%
T L T:L 20 Thievul
82%
U S U:S 3 Ursaluna
82%
V S V:S 3 Vespiquen
82%
W G W:G 7 Walking Wake
82%
X N X:N 1 Xerneas
82%
X S X:S 1 Xerneas
82%
X T X:T 2 Xatu
82%
X U X:U 2 Xurkitree
82%
Y E Y:E 3 Yanmega
82%
Y L Y:L 1 Yveltal
82%
Y N Y:N 3 Yanmega
82%
Y T Y:T 1 Yveltal
82%
Y V Y:V 1 Yveltal
82%
Z B Z:B 2 Zubat
82%
Z I Z:I 4 Zacian
82%
Z T Z:T 3 Zebstrika
82%
Z Y Z:Y 1 Zygarde
82%
B C B:C 8 Basculegion
77%
B Z B:Z 6 Buizel
77%
D P D:P 11 Dreepy
77%
D X D:X 4 Delphox
77%
D Y D:Y 5 Decidueye
77%
E S E:S 10 Espurr
77%
E V E:V 3 Eevee
77%
E X E:X 4 Exeggcute
77%
H D H:D 8 Houndstone
77%
H S H:S 6 Horsea
77%
H Y H:Y 5 Hariyama
77%
I B I:B 3 Iron Boulder
77%
I F I:F 2 Igglybuff
77%
I G I:G 2 Igglybuff
77%
J G J:G 2 Jangmo-o
77%
J Y J:Y 2 Jigglypuff
77%
K M K:M 4 Kyurem
77%
K Y K:Y 3 Krabby
77%
L D L:D 8 Landorus
77%
L G L:G 3 Lickitung
77%
L S L:S 7 Latias
77%
N D N:D 8 Nidoran♀
77%
N K N:K 4 Naclstack
77%
N R N:R 6 Noivern
77%
O W O:W 3 Orthworm
77%
P W P:W 8 Pawmi
77%
Q S Q:S 2 Quagsire
77%
R P R:P 3 Rapidash
77%
T C T:C 13 Torracat
77%
T D T:D 9 Totodile
77%
T H T:H 9 Torchic
77%
T K T:K 11 Torkoal
77%
T Y T:Y 10 Tympole
77%
U I U:I 3 Urshifu
77%
U O U:O 2 Umbreon
77%
W N W:N 7 Wo-Chien
77%
Y G Y:G 2 Yungoos
77%
Y M Y:M 4 Yamper
77%
Z M Z:M 2 Zamazenta
77%
Z N Z:N 4 Zangoose
77%
A G A:G 6 Aggron
73%
B G B:G 6 Bergmite
73%
B H B:H 6 Blacephalon
73%
B X B:X 3 Braixen
73%
C G C:G 9 Corviknight
73%
C W C:W 5 Crawdaunt
73%
D Z D:Z 4 Dracozolt
73%
E Z E:Z 1 Electabuzz
73%
F B F:B 3 Flabébé
73%
F K F:K 3 Fennekin
73%
F S F:S 10 Forretress
73%
F U F:U 7 Foongus
73%
F Y F:Y 2 Flygon
73%
G F G:F 4 Girafarig
73%
H W H:W 3 Hawlucha
73%
I C I:C 2 Incineroar
73%
I O I:O 12 Incineroar
73%
I P I:P 2 Infernape
73%
J F J:F 2 Jumpluff
73%
J P J:P 2 Jumpluff
73%
J U J:U 2 Jumpluff
73%
J X J:X 1 Jynx
73%
K S K:S 3 Kangaskhan
73%
L Y L:Y 6 Lycanroc
73%
N G N:G 3 Nidoking
73%
N Q N:Q 1 Nidoqueen
73%
O C O:C 2 Oricorio
73%
O G O:G 5 Obstagoon
73%
O M O:M 3 Omanyte
73%
O Y O:Y 2 Octillery
73%
P D P:D 9 Palpitoad
73%
P M P:M 11 Phantump
73%
Q D Q:D 1 Quilladin
73%
Q F Q:F 1 Qwilfish
73%
Q H Q:H 1 Qwilfish
73%
Q N Q:N 1 Quilladin
73%
Q W Q:W 2 Qwilfish
73%
Q X Q:X 2 Quaxwell
73%
Q Y Q:Y 1 Quaxly
73%
R B R:B 5 Ribombee
73%
R Q R:Q 1 Rayquaza
73%
R Z R:Z 1 Rayquaza
73%
S F S:F 7 Slurpuff
73%
T B T:B 5 Trubbish
73%
U B U:B 1 Umbreon
73%
U F U:F 2 Urshifu
73%
U M U:M 1 Umbreon
73%
V C V:C 4 Volcarona
73%
V H V:H 3 Venomoth
73%
V P V:P 5 Vaporeon
73%
W H W:H 7 Wishiwashi
73%
W P W:P 5 Wimpod
73%
W U W:U 7 Wobbuffet
73%
W Y W:Y 3 Wyrdeer
73%
X I X:I 1 Xurkitree
73%
X K X:K 1 Xurkitree
73%
A V A:V 3 Arctovish
68%
A W A:W 2 Abomasnow
68%
A X A:X 2 Axew
68%
B W B:W 5 Budew
68%
C Q C:Q 2 Cyndaquil
68%
D H D:H 5 Delphox
68%
F C F:C 4 Fuecoco
68%
G C G:C 7 Grapploct
68%
G K G:K 4 Golurk
68%
I D I:D 6 Indeedee
68%
I M I:M 3 Impidimp
68%
J M J:M 2 Jangmo-o
68%
K F K:F 4 Koffing
68%
L K L:K 5 Litwick
68%
L V L:V 4 Larvesta
68%
M B M:B 4 Magby
68%
N C N:C 6 Nacli
68%
N M N:M 3 Numel
68%
N S N:S 4 Naclstack
68%
N Z N:Z 2 Nuzleaf
68%
O D O:D 2 Oddish
68%
O L O:L 4 Octillery
68%
O X O:X 1 Onix
68%
Q E Q:E 2 Quagsire
68%
Q G Q:G 1 Quagsire
68%
Q R Q:R 1 Quagsire
68%
S Z S:Z 4 Spritzee
68%
T W T:W 4 Tangrowth
68%
U G U:G 1 Ursaring
68%
U T U:T 1 Unfezant
68%
U Z U:Z 1 Unfezant
68%
V M V:M 3 Venomoth
68%
V Z V:Z 2 Veluza
68%
W C W:C 4 Wo-Chien
68%
W M W:M 6 Wurmple
68%
W S W:S 4 Whimsicott
68%
A Q A:Q 1 Araquanid
64%
A Y A:Y 1 Aerodactyl
64%
B V B:V 1 Braviary
64%
C V C:V 4 Carvanha
64%
F P F:P 2 Fezandipiti
64%
F X F:X 2 Fraxure
64%
G Z G:Z 1 Guzzlord
64%
H K H:K 3 Heliolisk
64%
I T I:T 5 Inteleon
64%
K C K:C 3 Kricketune
64%
L B L:B 2 Lombre
64%
L M L:M 3 Lombre
64%
L X L:X 3 Luxio
64%
N B N:B 2 Noibat
64%
O B O:B 2 Obstagoon
64%
T M T:M 8 Trumbeak
64%
U L U:L 1 Ursaluna
64%
V X V:X 2 Vulpix
64%
W B W:B 3 Wobbuffet
64%
Z C Z:C 1 Zacian
64%
F M F:M 4 Flamigo
59%
G W G:W 2 Glameow
59%
H G H:G 2 Honedge
59%
I H I:H 3 Iron Hands
59%
I W I:W 1 Iron Crown
59%
O Q O:Q 1 Overqwil
59%
O V O:V 1 Overqwil
59%
T F T:F 3 Tapu Fini
59%
U H U:H 1 Urshifu
59%
Y O Y:O 1 Yungoos
59%
Y S Y:S 2 Yamask
59%
Y U Y:U 1 Yungoos
59%
C J C:J 2 Charjabug
55%
F Z F:Z 3 Finizen
55%
G J G:J 1 Greninja
55%
H X H:X 1 Haxorus
55%
I J I:J 1 Iron Jugulis
55%
I K I:K 1 Inkay
55%
M Z M:Z 2 Magnezone
55%
N F N:F 1 Nuzleaf
55%
R F R:F 2 Rufflet
55%
U X U:X 1 Uxie
55%
V K V:K 1 Vikavolt
55%
W F W:F 2 Wobbuffet
55%
Z L Z:L 1 Zweilous
55%
Z W Z:W 1 Zweilous
55%
B K B:K 2 Barraskewda
50%
D F D:F 2 Drifblim
50%
D V D:V 2 Dolliv
50%
J K J:K 1 Joltik
50%
K P K:P 1 Kabutops
50%
M F M:F 4 Monferno
50%
N Y N:Y 1 Nymble
50%
O K O:K 2 Oinkologne
50%
P B P:B 2 Probopass
50%
P V P:V 1 Pidove
50%
R W R:W 1 Rowlet
50%
S J S:J 2 Stonjourner
50%
T V T:V 2 Thievul
50%
T X T:X 4 Toxel
50%
V D V:D 1 Venipede
50%
V Q V:Q 1 Vespiquen
50%
V Y V:Y 1 Vullaby
50%
W K W:K 1 Walking Wake
50%
W V W:V 1 Weavile
50%
Y P Y:P 1 Yamper
50%
Y R Y:R 1 Yamper
50%
A F A:F 1 Azelf
45%
K H K:H 1 Kangaskhan
45%
K W K:W 2 Kilowattrel
45%
M J M:J 1 Mime Jr.
45%
N H N:H 1 Nihilego
45%
O P O:P 1 Ogerpon
45%
O U O:U 1 Oranguru
45%
V G V:G 1 Vigoroth
45%
Y K Y:K 1 Yamask
45%
F W F:W 1 Fearow
41%
K V K:V 1 Kleavor
41%
L F L:F 1 Leafeon
41%
L W L:W 1 Litwick
41%
N P N:P 1 Nosepass
41%
P Z P:Z 1 Porygon-Z
41%
R V R:V 1 Revavroom
41%
T Q T:Q 1 Tranquill
41%
U W U:W 1 Unown
41%
W Z W:Z 1 Weezing
41%
C X C:X 1 Calyrex
36%
E H E:H 1 Espathra
36%
E Y E:Y 1 Elgyem
36%
L H L:H 1 Lechonk
36%
M Q M:Q 1 Masquerain
36%
M V M:V 1 Misdreavus
36%
N J N:J 1 Ninjask
36%
N V N:V 1 Noivern
36%
N W N:W 1 Noctowl
36%
P F P:F 1 Palafin
36%
M X M:X 1 Munchlax
23%
No matching quizzes found
Score Distribution
Percent of People with Each Score
Percentile by Number Answered
Your Score History
You have not taken this quiz